00543nam a2200181Ia 4500100001800000650001800018250000600036942000700042366000700049654001800056245002500074260004400099082002100143300000800164546001200172999001700184952016000201 aLiu Yu Cheng  aMicrocomputer a2 cBK f20 amicrocomputer aMicrocomputer system bPrentice Hall of IndiaaNew Delhic2008 a004.256/LIUbLIU a623 aENGLISH c17991d17991 001040708CRCaCRCEbCRCEd2023-03-17eProfessional Book House.g255.00i562 dt 25/03/2008l0o004.256/LIU LIUp18585r2025-08-04v275.00w0000-00-00yBK